00627 2200229 4500001002100000005001500021035002000036007000300056008004100059020002200100082001200122084001800134100001200152245006400164260003100228300004400259650001500303650001400318700002500332990002000357990002000377INLIS00000000000305720260602063913 a0010-0626000008ta260602 f 0 ind  a978-979-8433-13-9 a001.422 a001.422 RID c0 aRiduwan1 aCara Menggunakan dan Memakai Path Analysis (Analisis Jalur) aBandung :bAlfabeta,c2021 aviii + 316 hlm. :bilus. ;c16 x 24 cm. 4aMatematika 4aStatistik0 aEngkos Ahmad Kuncoro a20260609.05.001 a20260609.05.002